<?xml version="1.0" encoding="UTF-8"?>
<marc:record xmlns:marc="http://www.loc.gov/MARC21/slim">
   <marc:leader>00000nam a2200000 a 4500</marc:leader>
   <marc:datafield ind1="1" ind2=" " tag="100">
      <marc:subfield code="a">Orgel, T.S.</marc:subfield>
      <marc:subfield code="4">aut</marc:subfield>
      <marc:subfield code="e">Verfasser/-in</marc:subfield>
   </marc:datafield>
   <marc:datafield ind1=" " ind2=" " tag="653">
      <marc:subfield code="a">T. S. Orgel</marc:subfield>
   </marc:datafield>
   <marc:datafield ind1=" " ind2=" " tag="653">
      <marc:subfield code="a">Fantasy-Epos</marc:subfield>
   </marc:datafield>
   <marc:datafield ind1=" " ind2=" " tag="653">
      <marc:subfield code="a">epische Schlachten</marc:subfield>
   </marc:datafield>
   <marc:datafield ind1=" " ind2=" " tag="653">
      <marc:subfield code="a">Blausteinkriege</marc:subfield>
   </marc:datafield>
   <marc:datafield ind1=" " ind2=" " tag="653">
      <marc:subfield code="a">Macht und Magie</marc:subfield>
   </marc:datafield>
   <marc:datafield ind1=" " ind2=" " tag="653">
      <marc:subfield code="a">magische Reiche</marc:subfield>
   </marc:datafield>
   <marc:datafield ind1=" " ind2=" " tag="653">
      <marc:subfield code="a">höfische Intrigen</marc:subfield>
   </marc:datafield>
   <marc:datafield ind1=" " ind2=" " tag="653">
      <marc:subfield code="a">Fiktionale Darstellung</marc:subfield>
   </marc:datafield>
   <marc:datafield ind1=" " ind2=" " tag="653">
      <marc:subfield code="a">Fantasy</marc:subfield>
   </marc:datafield>
   <marc:datafield ind1="0" ind2="0" tag="245">
      <marc:subfield code="a">Der verborgene Turm</marc:subfield>
   </marc:datafield>
   <marc:datafield ind1="0" ind2="0" tag="245">
      <marc:subfield code="c">T.S. Orgel</marc:subfield>
   </marc:datafield>
   <marc:datafield ind1=" " ind2="1" tag="264">
      <marc:subfield code="a">München</marc:subfield>
      <marc:subfield code="b">Wilhelm Heyne Verlag</marc:subfield>
      <marc:subfield code="c">2017</marc:subfield>
   </marc:datafield>
   <marc:datafield ind1=" " ind2=" " tag="250">
      <marc:subfield code="a">Originalausgabe</marc:subfield>
   </marc:datafield>
   <marc:datafield ind1="1" ind2=" " tag="520">
      <marc:subfield code="a">Angaben aus der Verlagsmeldung

Die Blausteinkriege 3 - Der verborgene Turm : Roman / von T.S. Orgel

Im Kaiserreich Berun ist nichts mehr so, wie es war. In der Hauptstadt haben sich die Fürsten versammelt, um den anrückenden Kolnorern entgegenzutreten – umsonst. Es ist längst zu spät, der Feind ist bereits mitten unter ihnen. Sogar das Protektorat Macouban ist mittlerweile vollständig von den Hexern der Huacoun und ihren Vasallen besetzt. Allein Xari, Ordensritter Cunrad und die Schildbrecher stehen ihnen entgegen. Doch die Wahrheit ist noch viel schrecklicher. Denn während das Reich im Krieg versinkt, erwachen uralte Kräfte, und das Ende der Welt steht bevor …
</marc:subfield>
   </marc:datafield>
   <marc:datafield ind1=" " ind2=" " tag="020">
      <marc:subfield code="a">9783453317079</marc:subfield>
      <marc:subfield code="9">9783453317079</marc:subfield>
   </marc:datafield>
   <marc:datafield ind1=" " ind2=" " tag="020">
      <marc:subfield code="a">3453317076</marc:subfield>
      <marc:subfield code="9">3453317076</marc:subfield>
   </marc:datafield>
   <marc:datafield ind1=" " ind2=" " tag="300">
      <marc:subfield code="a">637 Seiten</marc:subfield>
   </marc:datafield>
</marc:record>
